000 00719nam a22001935i 4500
001 161749
003 ES-MaACL
005 20230906212342.0
008 950206s1891 sp |||| | glg d
040 _aGA
_bspa
_cCCPB | PA2
100 1 _aPereira de la Riva, Aureliano José.
_9130998
245 1 0 _aCousas d'a aldea
_b: versos gallegos /
_cde Aureliano J. Pereira.
260 _aLa Coruña :
_bAndres Martínez,
_c1891 (
_fTipografía de la Casa de Misericordia)
300 _a189 p. ;
_c20 cm.
490 1 _aBiblioteca gallega
830 0 _aBiblioteca gallega
_9180864
852 _aES-MaACL
_jG-9209
_z-- Enc. pasta española
_x-- Edic.: El imp. es: Tipografía de la Casa de Misericordia
999 _c161749
_d161749